000 004290000a22001810004500
003 MACL
005 20150913144040.0
008 150913b xxu||||| |||| 00| 0 eng d
040 _aMACL
_cMACL
041 _aEnglish
082 _a823/DAS
100 _aDas, Baishnab Charan
_910749
245 _aThe World Within
260 _bRupantar
_c2007
_aBhubaneswar
350 _a195
650 _aFicition
_910750
942 _cBK
_k823
_2ddc
999 _c8227
_d8227